|
|
|
|
| LEADER |
00000nab a2200000ua 4500 |
| 001 |
vtls010791869 |
| 003 |
SK-MaSNL |
| 005 |
20260303204652.0 |
| 008 |
230121s1973 xo |||||||||||||||||slo| |
| 035 |
|
|
|a (urnnbn)urn:nbn:sk:snk:ar-a00gev
|
| 035 |
|
|
|a (uuid)4906c697-af47-4755-9110-60b3f966e16f
|
| 035 |
|
|
|a urn:nbn:sk:snk-ab486v
|
| 040 |
|
|
|a SNKBUCL
|b slo
|c SNKBUCL
|e AACR2
|
| 041 |
0 |
|
|a slo
|
| 044 |
|
|
|a xo
|c SK
|
| 100 |
1 |
|
|a Antalová, Elena
|4 aut
|9 432696
|
| 245 |
1 |
0 |
|a Dvadsiatka bez nostalgie
|c Elena Antalová, Oľga Gallová
|
| 700 |
1 |
|
|a Gallová, Oľga,
|d 1931-2017
|4 aut
|9 168657
|
| 773 |
0 |
|
|t Film a divadlo
|g Roč. 17, č. 15 (1973), s. 18-20
|
| 954 |
|
|
|a odborná, vedecká literatúra pôvodná (slovenská)
|2 lita
|
| 958 |
|
|
|a OND
|
| 958 |
|
|
|a EUIPO
|
| 958 |
|
|
|a article3
|
| 999 |
|
|
|c 2191021
|d 2192951
|